Gondolatok az atópiás ekcémáról

Elmentve itt :
Bibliográfiai részletek
Szerző: Csoma Zsanett
Dokumentumtípus: Cikk
Megjelent: 2025
Sorozat:GYERMEKORVOS TOVÁBBKÉPZÉS 24 No. 3
Tárgyszavak:
mtmt:36247296
Online Access:http://publicatio.bibl.u-szeged.hu/37273
LEADER 00656nab a2200193 i 4500
001 publ37273
005 20250718081717.0
008 250718s2025 hu o 000 hun d
022 |a 1589-0309 
024 7 |a 36247296  |2 mtmt 
040 |a SZTE Publicatio Repozitórium  |b hun 
041 |a hun 
100 1 |a Csoma Zsanett 
245 1 0 |a Gondolatok az atópiás ekcémáról  |h [elektronikus dokumentum] /  |c  Csoma Zsanett 
260 |c 2025 
300 |a 171-176 
490 0 |a GYERMEKORVOS TOVÁBBKÉPZÉS  |v 24 No. 3 
650 4 |a Klinikai orvostan 
856 4 0 |u http://publicatio.bibl.u-szeged.hu/37273/1/CsomaZs.Gondolatokazatopiasekcemarol_2025_szc_GYOT.pdf  |z Dokumentum-elérés